| 000 | 00555nam a2200193Ia 4500 | ||
|---|---|---|---|
| 008 | 131103s9999 xx 000 0 und d | ||
| 020 | _a072140443x | ||
| 040 | _aLoreto College | ||
| 041 | _aEnglish | ||
| 082 |
_aREF1/STA _bLCBED/5817 |
||
| 100 | _aStanton, Harold | ||
| 245 | 4 |
_aThe stream _cHarold Stanton, illustrations by David Palmer and photography by John Moyes |
|
| 260 |
_aLoughborough _bLadybird Books _c1976 |
||
| 300 |
_a51p. _c 18cm. |
||
| 440 | _aLadybird Series | ||
| 650 | _aStreams | ||
| 700 | _aPalmer, David, ill. | ||
| 942 | _cBK | ||
| 999 |
_c38007 _d88486 |
||